000 02643cas a2200397 i 4500
001 000037004
003 DO-SdBNP
005 20260211135605.0
007 ta
008 120208c2009 dr qr1p|dd || |0spa d
022 0 _a0004-0606
040 _aDO-SdBNP
_bspa
_cBNPHU
_erda
041 _hspa
043 _anwdr
130 0 _aCardioCEDIMAT (Santo Domingo, República Dominicana)
_963401
245 0 0 _aCardioCEDIMAT /
_cCentros de Diagnóstico y Medicina Avanzada y de Conferencias Médicas y Telemedicina.
246 1 _aCardio CEDIMAT
246 1 _aCardio Cedimat
264 _aSanto Domingo, República Dominicana :
_bCEDIMAT,
_c2008-.
300 _avolumen :
_bilustraciones, fotografías, gráficas ;
_c28 cm.
310 _aTrimestral.
_bVol. 1 No. 1 (julio 2008).
336 _atexto
_btxt
_2rdacontent
337 _asin mediación
_bn
_2rdamedia
338 _avolumen
_bnc
_2rdacarrier
362 1 _aInicia con: Vol. 1 No. 1 (2008).
362 1 _aSemestral a partir de Vol. 1 No. 1 (julio 2008).
500 _aDescripción basada en: Vol. 1 No. 1 (julio 2008).
520 _aRevista científica con artículos elaborados por expertos, que, con su prestigio y pluralidad en aspectos de la medicina moderna, enriquecerán nuestro conocimiento. "Cardio CEDIMAT será un fiel reflejo del trabajo académico, análisis científico y de pensamiento, que va de la mano de los principios éticos, sensibilidad social, con una profunda conciencia crítica del importante rol que, como gremio, y más aún como dominicanos tenemos en el progreso y mejoramiento de nuestra sociedad". Además de los artículos clínicos, la revista incluirá las noticias relacionadas con la labor social que desempeñan CEDIMAT y la Fundación Heart Care Dominicana. (http://elnuevodiario.com.do/app/article.aspx?id=149619).
545 _aCardioCEDIMAT es una revista publicada por el Departamento Cardiovascular de Centros de Diagnóstico y Medicina Avanzada y de Conferencias Médicas y Telemedicina (CEDIMAT), de la República Dominicana.
610 2 4 _aCentro de Diagnostico Medica Avanzada y de Conferencias Medicas Telemedicina. Departamento Cardiovascular
_zRepública Dominicana
_vPublicaciones periódicas
_963402
610 2 4 _aFundación Heart Care Dominicana
_zRepública Dominicana
_vPublicaciones periódicas
_963403
650 2 4 _aCardiología
_vPublicaciones periódicas
_zRepública Dominicana
_963404
650 2 4 _aMedicina avanzada
_vPublicaciones periódicas
_zRepública Dominicana
_963405
710 _aCentros de Diagnóstico y Medicina Avanzada y de Conferencias Médicas y Telemedicina (CEDIMAT)
_963406
942 _2ddc
_cISSUE
999 _c36494
_d36494